| 000 | 00386nam a2200157Ia 4500 | ||
|---|---|---|---|
| 008 | 231217s9999 xx 000 0 und d | ||
| 020 | _a8178810506 | ||
| 041 | _aEnglish | ||
| 082 | _a658.404 SEE;1 | ||
| 100 | _aSeethapathi, K. ed. | ||
| 245 | 0 | _aRisk management in banks | |
| 260 |
_c2004 _bIcfai _aHyderabad |
||
| 300 | _axi,206+A11 | ||
| 650 | _aRisk,management | ||
| 942 | _cAA | ||
| 999 |
_c188028 _d188028 |
||